| 000 | 00494nam a22001697a 4500 | ||
|---|---|---|---|
| 003 | OSt | ||
| 082 |
_a631.56 _bGAY/DE |
||
| 088 | _aP 505 | ||
| 100 |
_aGayathri Devi _94973 |
||
| 100 |
_a Gopika Subramanian _94997 |
||
| 100 |
_aGouri Ganesh _94975 |
||
| 245 | _aDevelopment and performance evaluation of UTM operated Cococa butter extractor | ||
| 260 |
_aKCAET,Tavanur _bDepartmnt of pricessing and food engineering _c2021 |
||
| 300 | _a56 p | ||
| 700 |
_aRajesh G K(guide) _94976 |
||
| 942 | _cPR | ||
| 999 |
_c17405 _d17405 |
||